zpět

Detail výsledku týmu

The PUB Praha 6 , Praha

Datum a čas kvízu

25.5 Celkem bodů Celkový počet nahraných bodů na tomto kvízu bez doplňovacích otázek.
3. Pořadí na kvízu Konečné umístění týmu na tomto kvízu.

Zaznamenané odpovědi

# Otázka Odpověď Body Výsledky
1. Minulý týden se v Praze konal... Globsec 0
2. Princezna Martha Louise se v s... v Norsku 1
3. Čeští tvůrci z Warhorse Studio... Kingdom Come: Deliverance (II) 0
4. 62letý muž čelí trestnímu ozná... A) ve vlaku nefungovaly toalety 1
5. Fotbalisté Sparty Praha se po... Lukáš Haraslín 1
6. Téma začneme stavbou, které mn... Václav Aulický 0
7. Žebříčků hodnotících nejoškliv... jako hotel 0
8. Nyní se ptáme na evropského vů... Nicolae Ceaușescu, Rumunsko 1
9. I Slovensko má svého zástupce... Martina Šimkovičová 0
10. V této londýnské budově sídlí... MI6 0